000 00549nam a2200181Ia 4500
008 090124s9999 xx 000 0 und d
082 _b41667
100 _aगोडबोले अशोक
245 _a शब्दगंध
250 _a1
260 _b"शांती पब्लिकेशन्स, पुणे"
_c2002
300 _a212
600 _aगोडबोले अशोक
630 _a शब्दगंध
700 _aगोडबोले अशोक
730 _a शब्दगंध
942 _cBOOK
999 _c107843
_d107843